00724nam a22002057a 4500003000400000005001700004008004100021020001800062040001000080082001900090100004200109245008500151250003100236260007100267300003000338490005200368504005200420650002800472700001800500OSt20150408114218.0140515s2014 njua g b 001 0 eng d a9781292024202 aMa-Un00222a006.3bRSA1 aRussell, Stuart J.q(Stuart Jonathan)10aArtificial intelligence :ba modern approach /cStuart J. Russell, Peter Norvig. a3nd International Edition. aUpper Saddle River, N.J. :bPrentice Hall/Pearson Education,c2014 a1091 P. :bill. ;c29 cm.0 aPrentice Hall series in artificial intelligence aIncludes bibliographical references and index.  aArtificial intelligence1 aNorvig, Peter